000 00519nam a22001817a 4500
005 20251108165817.0
008 250721s1991 xx 000 0 ara d
082 1 4 _aط/629.2275/كير
100 1 _aكيرود، روبن
245 1 0 _aالدراجات الناريه /
264 1 _aبيروت :
_bدار المجاني،
_c1991.
300 _a31ص
490 0 _aكيف تعمل
650 1 7 _aالدراجات الناريه
700 1 _aجعارة، هيام
_eترجمة
942 _2ddc
_cBK
999 _c31864
_d31864